书目信息 |
| 题名: |
晶体管稳压电源
|
|
| 作者: | 崔英汉 编著 | |
| 分册: | ||
| 出版信息: | 北京 国防工业出版社 1984 |
|
| 页数: | 181页 | |
| 开本: | 21cm | |
| 丛书名: | ||
| 单 册: | ||
| 中图分类: | TN86 , TM44 | |
| 科图分类: | ||
| 主题词: | 晶体管-稳压电源 , 稳压电源-晶体管 , 稳定器 | |
| 电子资源: | ||
| ISBN: | ||
| 000 | 00714nam0 2200277 45 | |
| 001 | 0184016821 | |
| 005 | 20040521144253.2 | |
| 010 | @dCNY0.76 | |
| 091 | @a15034.2653 | |
| 100 | @a19950623d1984 em y0chiy0121 ea | |
| 101 | 0 | @achi |
| 102 | @aCN@b110000 | |
| 105 | @ay z 000yy | |
| 106 | @ar | |
| 200 | 10 | @a晶体管稳压电源@Ajing ti guan wen ya dian yuan@f崔英汉编著 |
| 210 | @a北京@c国防工业出版社@d1984 | |
| 215 | @a181页@d21cm | |
| 606 | @a晶体管-稳压电源 | |
| 606 | @a稳压电源-晶体管 | |
| 606 | 0 | @a稳定器 |
| 690 | @aTN86@v3 | |
| 690 | @aTM44 | |
| 701 | 0 | @a崔英汉@Acui ying han@4编著 |
| 801 | 0 | @aCN@b上海图书馆@c20040521 |
| 801 | 2 | @aCN@bNLC@c20040521 |
| 905 | @f2@b117601-602@dTM44@e14 | |
| 晶体管稳压电源/崔英汉编著.-北京:国防工业出版社,1984 |
| 181页;21cm |
| ISBN :CNY0.76 |
| ● |
| 相关链接 |
|
|
|
|
正题名:晶体管稳压电源
索取号:TM44/14
 
预约/预借
| 序号 | 登录号 | 条形码 | 馆藏地/架位号 | 状态 | 备注 |
| 1 | 0117601 | 001344548 | 密集书库/ [索取号:TM44/14] | 在馆 | |
| 2 | 0117602 | 001344502 | 第三借阅区/ [索取号:TM44/14] | 在馆 | |
| 3 | 0117603 | 001344931 | 第二样本阅览室/ [索取号:TM44/14] | 在馆 |